|
|
|
|
| LEADER |
01369nam a22003377a 4500 |
| 001 |
38689 |
| 003 |
BD-DhAAL |
| 008 |
220525t20202020enk b 001 0 eng d |
| 999 |
|
|
|c 44248
|d 44248
|
| 020 |
|
|
|a 9781292276519
|
| 020 |
|
|
|a 1292276517
|
| 020 |
|
|
|a 9781292276526
|
| 020 |
|
|
|a 9781292276533
|
| 040 |
|
|
|a BD-DhAAL
|c BD-DhAAL
|
| 082 |
|
|
|a 378
|2 23
|
| 100 |
|
|
|a Byrne, Edward,
|d 1952-
|e author.
|9 48724
|
| 245 |
|
|
|a The university challenge :
|b changing universities in a changing world /
|c Ed Byrne and Charles Clarke.
|
| 250 |
|
|
|a First edition.
|
| 260 |
|
|
|a Harlow, England :
|b Pearson,
|c 2020.
|
| 300 |
|
|
|a xv, 271 pages ;
|c 24 cm.
|
| 490 |
|
|
|a New learning about learning
|
| 504 |
|
|
|a Includes bibliographical references and index.
|
| 541 |
|
|
|a Complimentary copy from Ed Byrne and Charles Clarke.
|e 38689
|
| 650 |
|
|
|a Education, Higher
|x Aims and objectives.
|9 48725
|
| 650 |
|
|
|a Education, Higher
|x Social aspects.
|9 48726
|
| 650 |
|
|
|a Education, Higher
|x Economic aspects.
|9 48727
|
| 650 |
|
|
|a Universities and colleges.
|9 48728
|
| 700 |
|
|
|a Clarke, Charles,
|d 1950-
|e author.
|9 48729
|
| 852 |
|
|
|a Ayesha Abed Library
|c General Stacks
|
| 942 |
|
|
|2 ddc
|c BK
|
| 952 |
|
|
|0 0
|1 0
|2 ddc
|4 0
|6 378_000000000000000_BYR
|7 0
|9 70712
|a BRACUL
|b BRACUL
|c GEN
|d 2022-05-25
|e Complimentary copy from Ed Byrne and Charles Clarke.
|l 0
|o 378 BYR
|p 3010038689
|r 2022-05-25
|t 1
|w 2022-05-25
|y BK
|